Nem győzte le őket a hőség

Bibliographic Details
Format: Article
Language:Hungarian
Slovak
PhysicalDescription:Fotogr.
ISSN:1336-3638
Subjects:

MARC

LEADER 00000nab a2200000 a 4500
001 vtls010627129
003 SK-MaSNL
005 20260319071120.0
008 141009|2014 xo w| 000 0|hun
015 |a SNBRB2014/10 
038 |a DSZK 
040 |a DSZK  |b slo  |c DSZK  |e AACR2 
041 |a hun  |a slo 
044 |a xo  |c SK 
080 |a 794.1  |x (437.612)  |2 2001 
245 0 0 |a Nem győzte le őket a hőség  |c [szerző] (v.k.) 
300 |b Fotogr. 
650 0 7 |a šach  |2 SNKPH  |9 3315 
650 0 7 |a šachové turnaje  |2 dszk  |9 3317 
651 7 |a Orechová Potôň (Slovensko)  |2 SNKPHgeo  |9 75051 
773 0 |t Csallóköz=Žitný ostrov  |g Évf. 54, sz. 30 (2014), o. 46  |x 1336-3638 
852 |a DSZK  |b KIS3GCP 
856 |a http://www.csallokoz.sk 
958 |a SK 
958 |a HU 
999 |c 1798112  |d 1800042